000 03009nam0a2200421 4500
001 RU\NLR\BIBL_A\012047526
005 20191127171753.0
010 _a978-5-91326-512-8
_9100
021 _aRU
_bКН-П-19-039955
_9КН-П-19-2930
035 _a(NLR Aleph) 012047526
035 _a(RuMoRGB)009996343
090 _a11633661
_c11633661
100 _a20190627d2019 k y0rusy50 ca
101 0 _arus
102 _aRU
105 _ay|||z|||100zy
200 1 _aНаследие В. Г. Короленко. Стратегии гуманизма
_eсборник материалов Второй Всероссийской научно-практической конференции с международным участием, Нижний Новгород, 16-17 апреля 2019 г.
_fМинистерство культуры Нижегородской области, Институт международных отношений и мировой истории ННГУ им. Н. И. Лобачевского, Нижегородская государственная библиотека им. В. И. Ленина, Нижегородский государственный историко-архитектурный музей заповедник
_g[под редакцией А. Н. Фортунатова]
210 _aНижний Новгород
_cИзд-во ННГУ
_d2019
215 _a298 с.
_d21
320 _aБиблиогр. в конце ст. и в подстроч. примеч.
517 1 _aСтратегии гуманизма
600 1 _aКороленко
_bВ.Г.
_f1853 - 1921
_gВладимир Галактионович
_jСъезды, совещания и т.п
_91500741
_3RU\NLR\AUTH\66650568
606 1 _aГуманизм
_jСъезды, совещания и т.п
_xСоциальный аспект
_92274176
_3RU\NLR\AUTH\6601591620
606 1 _aПолитология
_jСъезды, совещания и т.п
_91294414
_3RU\NLR\AUTH\66217824
686 1 _aС550.76я431
686 1 _aФ01я431
686 2 _aШ5(2=Р)53-4Короленко
702 1 _aФортунатов
_bА. Н.
_f1967-
_gАнтон Николаевич
_4340
702 1 _4570
_7ca
_8rus
_aКороленко
_bВ. Г.
_f1853-1921
_gВладимир Галактионович
_9520
_3RU\NLR\AUTH\7717433
711 1 2 _a"Наследие В. Г. Короленко. Стратегии гуманизма", всероссийская научно-практическая конференция с международным участием
_d2
_eНижний Новгород
_f2019
_9592770
_3RU\NLR\AUTH\880465132
712 0 1 _4570
_aНижегородская область
_bМинистерство культуры
_9652377
_3RU\NLR\AUTH\880496206
942 _cBOOK
980 _aNBR
980 _aNB